| 000 | 01452cam a2200301 a 4500 | ||
|---|---|---|---|
| 001 | 12369833 | ||
| 005 | 20220326193311.0 | ||
| 008 | 010316s1999 uy a b 000 0 spa | ||
| 010 | _a 2001286514 | ||
| 020 | _a9974100526 (v. 1) | ||
| 035 | _a(DLC) 2001286514 | ||
| 040 |
_aDLC _cDLC |
||
| 042 | _alcode | ||
| 043 | _as-uy--- | ||
| 082 |
_a700.989.1 _bP393h1 |
||
| 100 | 1 |
_aPeluffo Linari, Gabriel. _9495 |
|
| 245 | 1 | 0 |
_aHistoria de la pintura uruguaya / _cGabriel Peluffo Linari. |
| 250 | _a2a ed. | ||
| 260 |
_aMontevideo, Uruguay : _bEdiciones de la Banda Oriental, _cc1999. |
||
| 300 |
_a2 v. : _bill. (some col.) ; _c27 cm. |
||
| 440 |
_v1 _92262 |
||
| 504 | _aIncludes bibliographical references. | ||
| 505 | 0 |
_at. 1. El imaginario nacional-regional (1830-1930). De Blanes a Figari -- t. 2. Representaciones de la modernidad (1930-1960). _tPrefacio _tLa pintura en los origenes de la nacionalidad _tLa pintura nacional a fines del siglo XIX _tEl modernismo _tUniversalismo y nativismo en la decada del veinte _tPintura, Enseñanza y critica en los años veinte _tPedro Figari y el nativismo Rioplatense _tTextos complementarios |
|
| 650 | 0 |
_aPainting, Uruguayan. _vArte Uruguayo _yArte - Historia de la pintura (1830 - 1930) _zUruguay _92103 |
|
| 700 |
_aPeluffo Linari, Gabriel. _9495 |
||
| 906 |
_a7 _bcbc _corigode _d2 _encip _f20 _gy-gencatlg |
||
| 999 |
_c435 _d435 |
||